000 00836nam a2200193 a 4500
001 000045818
005 20250221073755.0
008 150515s1998 dr 000 p spa d
040 _aDO-SdBNP
_bspa
_cBNPHU
082 _axxxx
_bxxxx
245 0 0 _aPoesías y canciones a la patria :
_bde como los dominicanos han sentido la patria a través de la historia /
_cFiume Gómez Sánchez Bienvenida, compilador ; presentación Maritza Rossi de Pérez.
260 _aSanto Domingo :
_bONE,
_c1998.
300 _a381 p. ;
_c21 cm.
500 _aPerteneció a la biblioteca personal de Erick Landestoy.
504 _aBibliografía : p. 377-381
700 1 2 _aPérez, Maritza Rossi de,
_epres.
_964618
700 1 _aGómez Sánchez, Fiume Bienvenida,
_d1941-
_ecomp.
_925162
710 1 2 _aRepública Dominicana.
_bOficina Nacional de Estadística
_95775
999 _c45307
_d45307